FILANTROPIA EMPRESARIAL : (Registro nro. 51766)
[ vista simple ]
| 000 -LEADER | |
|---|---|
| fixed length control field | 00652nam a2200193 a 4500 |
| 001 - CONTROL NUMBER | |
| control field | 51766 |
| 005 - DATE AND TIME OF LATEST TRANSACTION | |
| control field | 20180714041339.0 |
| 008 - FIXED-LENGTH DATA ELEMENTS--GENERAL INFORMATION | |
| fixed length control field | 140415s2000 mx 000 0 spa d |
| 020 ## - INTERNATIONAL STANDARD BOOK NUMBER | |
| International Standard Book Number | 9688604291 |
| 041 ## - LANGUAGE CODE | |
| Language code of text/sound track or separate title | spa |
| 082 ## - DEWEY DECIMAL CLASSIFICATION NUMBER | |
| Classification number | 658.408 |
| Item number | LAR |
| 100 1# - MAIN ENTRY--PERSONAL NAME | |
| Personal name | LARA, MARIA LUISA |
| 245 10 - TITLE STATEMENT | |
| Title | FILANTROPIA EMPRESARIAL : |
| Remainder of title | CONVICCION Y ESTRATEGIA |
| 250 ## - EDITION STATEMENT | |
| Edition statement | 1a ed. |
| 260 ## - PUBLICATION, DISTRIBUTION, ETC. | |
| Place of publication, distribution, etc. | MEXICO : |
| Name of publisher, distributor, etc. | PAX MEXICO, |
| Date of publication, distribution, etc. | 2000 |
| 300 ## - PHYSICAL DESCRIPTION | |
| Extent | 365 |
| Dimensions | 16 x 1 x 22.9 |
| 520 ## - SUMMARY, ETC. | |
| Summary, etc. | LA AUTORA PERMITE PLANEAR DE MANERA EFECTIVA LAS ACCIONES FILANTRÓPICAS DE LAS EMPRESAS. |
| 650 14 - SUBJECT ADDED ENTRY--TOPICAL TERM | |
| Topical term or geographic name entry element | COMUNICACION ORGANIZACIONAL |
| General subdivision | ESTRATEGIA MERCADOTECNIA |
| -- | RELACIONES PUBLICAS |
| Withdrawn status | Lost status | Source of classification or shelving scheme | Damaged status | Not for loan | Collection code | Home library | Current library | Shelving location | Date acquired | Source of acquisition | Inventory number | Total Checkouts | Full call number | Barcode | Date last seen | Date last checked out | Price effective from | Koha item type |
|---|---|---|---|---|---|---|---|---|---|---|---|---|---|---|---|---|---|---|
| Dewey Decimal Classification | General | Biblioteca Karol Wojtyla | Biblioteca Karol Wojtyla | Sala general | 03/12/2013 | Compra | 151000000000000000013595 | 658.408 LAR | 77034 | 05/01/2026 | 13/07/2015 | 03/12/2013 | Libro | |||||
| Dewey Decimal Classification | General | Biblioteca Karol Wojtyla | Biblioteca Karol Wojtyla | Sala general | 03/12/2013 | Compra | 151000000000000000013596 | 658.408 LAR | 82210 | 05/01/2026 | 03/12/2013 | Libro | ||||||
| Dewey Decimal Classification | General | Biblioteca Karol Wojtyla | Biblioteca Karol Wojtyla | Sala general | 03/12/2013 | Compra | 151000000000000000013598 | 658.408 LAR | 82212 | 05/01/2026 | 03/12/2013 | Libro | ||||||
| Dewey Decimal Classification | General | Biblioteca Karol Wojtyla | Biblioteca Karol Wojtyla | Sala general | 03/12/2013 | Compra | 151000000000000000013597 | 658.408 LAR | 82211 | 05/01/2026 | 03/12/2013 | Libro |